Quindici riprese : cinquant'anni di studi su Pasolini /
I tiakina i:
| Kaituhi matua: | |
|---|---|
| Hōputu: | Pukapuka |
| Reo: | Itāriana |
| I whakaputaina: |
Milano :
Rizzoli,
2022
|
| Rangatū: | La scala
|
| Ngā marau: | |
| Ngā Tūtohu: |
Kāore He Tūtohu, Me noho koe te mea tuatahi ki te tūtohu i tēnei pūkete!
|
MARC
| LEADER | 00000nam a2200000 i 4500 | ||
|---|---|---|---|
| 001 | IT\ICCU\RAV\2147761 | ||
| 003 | ItRI | ||
| 005 | 20260115232050.0 | ||
| 008 | 220412s2022 it |||||| ||||| |||||c | ||
| 015 | |2 IT |a 2022-2877 | ||
| 020 | |a 9788817083065 | ||
| 040 | |b ita |c importazione bologna sebina | ||
| 041 | 7 | |a ita |2 ISO-639-2 | |
| 082 | |a 851.914 |9 POESIA ITALIANA, 1945-1999 |2 23 | ||
| 100 | 1 | |a Siti, Walter |0 IT\ICCU\CFIV\026752 |4 aut | |
| 240 | 1 | 0 | |a Quindici riprese |3 IT\ICCU\UBO\4610238 |9 Siti, Walter |
| 245 | 1 | 0 | |a Quindici riprese : |b cinquant'anni di studi su Pasolini / |c Walter Siti. |
| 260 | |a Milano : |b Rizzoli, |c 2022 | ||
| 300 | |a 413 p. ; |c 22 cm | ||
| 500 | |a Già pubblicati | ||
| 650 | 7 | |a Pasolini, Pier Paolo | |
| 830 | 3 | |a La scala |0 IT\ICCU\CFI\0000061 | |
| 942 | |2 ddc |c BK |n 0 | ||
| 952 | |0 0 |1 0 |4 0 |6 DOC_858_914000000000000_SIT |7 0 |9 19436 |a BO |b BO |d 2026-01-15 |i 19733 |l 0 |o DOC 858.914 SIT |p BO19733 |r 2026-01-15 23:20:50 |w 2026-01-15 |x [Sebina 5] [1 v.] |y BK |z 1 v. | ||
| 999 | |c 16547 |d 16547 | ||